Našli sme spoločnú reč Rozhovor s ministrom zdravotníctva Slovenskej republiky Doc. MUDr. Tiborom Šagátom, CSc.

Bibliographic Details
Main Authors: Šagát, Tibor, 1942- (Author), Drobová, Rút (Author)
Format: Article
Language:Slovak
PhysicalDescription:Fotogr. 1
Subjects:

MARC

LEADER 00000nab a2200000 a 4500
001 vtls000515293
003 SK-MaSNL
005 20260303003554.0
008 220422c1994 xo 0 slo
015 |a SNBRB19rr/mm-uuuuu 
035 |a CL0515431 
040 |a SNKBUCL  |b slo  |c SNKBUCL  |e AACR2 
041 0 |a slo 
044 |a xo  |c SK 
080 |a 614.2(437.6):338.246  |2 1981 
080 |a 338.246  |2 1981 
100 1 |a Šagát, Tibor,  |d 1942-  |4 aut  |9 196955 
245 1 0 |a Našli sme spoločnú reč  |b Rozhovor s ministrom zdravotníctva Slovenskej republiky Doc. MUDr. Tiborom Šagátom, CSc.  |c Tibor Šagát, Rút Drobová 
300 |b Fotogr. 1 
650 0 7 |a zdravotníctvo  |2 snkbucl  |9 1269 
650 0 7 |a privatizácia  |2 snkbucl  |9 2343 
655 7 |a články z novín a časopisov  |2 snkbucl  |9 267496 
700 1 |a Drobová, Rút  |4 aut  |9 931662 
773 0 |t Zdravotnícke aktuality  |g Roč. 4, č. 1-2 (1994), s. 2 
850 |a Slovenská národná knižnica v Martine  |a MTA001 
852 |a SNK  |b KIS3GCP 
958 |a RK 
958 |a ME 
992 |a RBX 
999 |c 1573362  |d 1575292